Loading...
| Science - Chemistry | 0 | 2 | 0 | 1 | 20 | 124 | 127.00 | 0 | 2 | 0.00 | 0.00 |
| History - American | 0 | 1 | 0 | 1 | 10 | 114 | 114.00 | 0 | 1 | 0.00 | 0.00 |
| History - European | 0 | 1 | 0 | 0 | 10 | 109 | 109.00 | 0 | 1 | 0.00 | 0.00 |
| History - Other | 0 | 1 | 0 | 0 | 10 | 44 | 44.00 | 1 | 1 | 0.00 | 0.00 |
| Literature - World | 0 | 1 | 0 | 1 | 10 | 154 | 154.00 | 0 | 1 | 0.00 | 0.00 |
| Science - Physics | 0 | 1 | 0 | 1 | 10 | 130 | 130.00 | 0 | 1 | 0.00 | 0.00 |
| Fine Arts - Other | 0 | 1 | 0 | 0 | 10 | 98 | 98.00 | 0 | 1 | 0.00 | 0.00 |
| Mythology | 0 | 1 | 1 | 0 | 5 | 92 | 92.00 | 1 | 1 | 0.00 | 0.00 |
| Other | 0 | 1 | 1 | 0 | 5 | 84 | 84.00 | 1 | 1 | 0.00 | 0.00 |